00580nab a22001577a 4500003000400000005001700004008004100021040000800062080001200070100012400082245007400206260001000280500002600290650003800316773006800354BPK20160404103549.0160212b1979 pl ||||| |||| 00| 0pol  cBPK a94(438) aPOLAK, Bogusław.d 1979 - 1996.bWyższa Szkoła Inżynierska w Koszalinie - Studium Nauk Społeczno - Politycznych. aPowstanie wielkopolskie (1918-1919) /cM. Olszewski, Bogusław Polak. c1979. aDane z kartoteki bpp. 0aPowstanie 1918 r. wielkopolskie.  iW :tWojskowy Przegląd Historyczny. -g1979, nr 2, s. 310-316